Zvyšování flexibility pracovněprávních vztahů v nové úpravě zkušební doby

Príspevok sa zaoberá návrhom zmien zákonníka práce v Českej republike, ktoré majú za cieľ zvýšiť flexibilitu v pracovnoprávnych vzťahoch a v konečnom dôsledku podporiť trvalo udržateľný ekonomický rast. Rozbor je zameraný na skúšobnú dobu. Autor opisuje navrhované zmeny, najmä rozšírenie jej možnej...

Ausführliche Beschreibung

Gespeichert in:
Bibliographische Detailangaben
1. Verfasser: Tintěra, Tomáš
Format: Buchkapitel
Sprache:Tschechisch
Schlagworte:
Tags: Tag hinzufügen
Keine Tags, Fügen Sie das erste Tag hinzu!

MARC

LEADER 00000naa a2200000 4500
001 0308502
005 20250507095017.5
041 0 |a cze 
044 |a CZ 
245 1 0 |a Zvyšování flexibility pracovněprávních vztahů v nové úpravě zkušební doby  |c Tomáš Tintěra 
520 |a Príspevok sa zaoberá návrhom zmien zákonníka práce v Českej republike, ktoré majú za cieľ zvýšiť flexibilitu v pracovnoprávnych vzťahoch a v konečnom dôsledku podporiť trvalo udržateľný ekonomický rast. Rozbor je zameraný na skúšobnú dobu. Autor opisuje navrhované zmeny, najmä rozšírenie jej možnej dĺžky a podmienok predlžovania za trvania skúšobnej doby, rozoberá ich v širšom kontexte iných právnych úprav, doterajšej rozhodovacej praxe súdov a zvažuje možné dopady z pohľadu zamestnancov a zamestnávateľov. 
610 2 0 |a flexibilita 
610 2 0 |a vzťahy pracovnoprávne 
610 2 0 |a právo pracovné 
610 2 0 |a zákonník práce 
610 2 0 |a doba skúšobná 
610 2 0 |a pomer pracovný 
100 1 |a Tintěra, Tomáš